000 00316nam a22001457a 4500
008 210225b ||||| |||| 00| 0 eng d
020 _a1285096193
041 _aeng
080 _22nd
_a004
082 _a004
100 _a28
101 _aSHKI
245 _aCMPTR Student Edition
_cPinard, K. T
942 _2udc
_cBK
999 _c55238
_d55238